000
00342pab a2200145 454500
008
180718b2005 xxu||||| |||| 00| 0 eng d
100
_a
Chaudhary, Rajinder
245
_a
Capitalism: in search of alternatives
260
_c
2005
300
_a
p.56-68.
362
_a
Dec
650
_a
Capitalism
773
_a
Social Change
909
_a
69177
999
_c
69177
_d
69177